000 00390pab a2200145 454500
008 180718b2006 xxu||||| |||| 00| 0 eng d
100 _aRamanna, Mridula
245 _aSystem of medicine: issues and responses in Bombay Presidency
260 _c2006
300 _ap.3221-226
362 _a22 Jul
650 _aMedical sciences
773 _aEconomic and Political Weekly
909 _a70656
999 _c70656
_d70656